La imputación objetiva en la jurisprudencia

Guardat en:
Dades bibliogràfiques
Autors principals: Reyes Véliz, Jorge (Autor), Polaino, Navarrete, Miguel (Autor), Polaino-Orts, Miguel (Autor)
Autor corporatiu: Universidad de Sevilla-España (Autor)
Format: Llibre
Idioma:espanyol
Publicat: Santiago Metropolitana 2014
Edició:1a. ed
Matèries:
Etiquetes: Afegir etiqueta
Sense etiquetes, Sigues el primer a etiquetar aquest registre!

MARC

LEADER 00000cam a2200000 a 4500
001 UCE4014
003 CL-VaPUC
008 141003e20140600cl |||||||||||||||||spa|d
020 |a 9789562861748 
082 0 4 |a 345.05  |b REY  |2 21 
100 0 |a Reyes Véliz, Jorge  |e author  |9 335 
700 0 |a Polaino, Navarrete, Miguel  |e author  |9 576594 
700 0 |a Polaino-Orts, Miguel  |e author  |9 576595 
110 2 |a Universidad de Sevilla-España  |e author  |9 576596 
245 1 3 |a La imputación objetiva en la jurisprudencia 
250 |a 1a. ed 
300 |a t 
942 |c BK 
945 |d 20141003 14:18:00  |a arojas 
260 |a Santiago  |b Metropolitana  |c 2014 
650 7 |a IMPUTACION OBJETIVA  |2 CL-VaPUC  |9 470139 
650 7 |a DERECHO PENAL  |2 CL-VaPUC  |9 11 
650 7 |a INTERPRETACION OBJETIVA  |2 CL-VaPUC  |9 553585 
650 0 |a Jurisprudencia  |9 255952 
583 |a last modification  |c 20141003 14:18:00  |k Rodrigo Vera 
999 |c 357107  |d 357105 
952 |0 0  |1 0  |3 erb  |4 0  |6 345_050000000000000_REY_2014  |7 0  |8 A  |9 464924  |a BIBDER  |b BIBDER  |h t.1  |i 5117518  |o 345.05 REY 2014  |p 5117518  |r 2019-11-23  |w 2019-11-23  |y BK  |z Catalogado en:20141003  |k DER 
952 |0 0  |1 0  |3 erb  |4 0  |6 345_050000000000000_REY_2014  |7 0  |8 A  |9 464925  |a BIBDER  |b BIBDER  |h t.2  |i 5117526  |o 345.05 REY 2014  |p 5117526  |r 2019-11-23  |w 2019-11-23  |y BK  |z Catalogado en:20141003  |k DER